000 00421nam a2200157Ia 4500
008 231217s9999 xx 000 0 und d
020 _a8178810093
041 _aEnglish
082 _a658.1 MUK;1 R
100 _aMukund, A. Dutta, Sanjib ed.
245 0 _aCase studies on financial management
260 _c2001
_bIcfai
_aHyderabad
300 _av, 189+A14
650 _astudies,financial,management
942 _cAA
999 _c189467
_d189467